01563nam a2200229 a 4500020002700000020003000027082001400057100002100071245003200092250001200124260004500136300001300181520087900194650001501073650001601088650001501104700002201119856007001141942000701211999001301218952010201231 a0072314451 (hardcover) a9780072314458 (hardcover) a659.1 BEL1 aBelch, George E.10aAdvertising and promotion : a5th ed. aNew YorkbIrwin Professional Pub,c2000. a880 p. ; aThe field of advertising and promotion continues to dramatically change since the dominant days of high-powered Madison Avenue agencies. Marketers must look beyond traditional media in order to achieve success. In order to best communicate with consumers, advertisers must utilize the myriad of media outlets-print, radio, cable, satellite TV, and now the Internet. Belch/Belch is the first book to reflect the shift from the conventional methods of advertising to the more widely recognized approach of implementing an integrated marketing communications strategy. Belch/Belch conveys throughout the text that one must recognize how a firm uses all of the promotional tools available to convey a unified message to the consumer. The integrated marketing communications perspective, or theme of the text, catapults the reader into the business practices of the 21st century. amanagement aadvertising apromotions1 aBelch, Michael A.40uhttp://www.amazon.com/exec/obidos/ASIN/0072314451/chopaconline-20 cBK c407d407 0010708NFICaICbICcGENd2015-03-07l0o659.1 BELp003278r2022-11-17 00:00:00w2015-03-07yBK